Datum a čas kvízu
17.5
Celkem bodů
Celkový počet nahraných bodů na tomto kvízu bez doplňovacích otázek.
5.
Pořadí na kvízu
Konečné umístění týmu na tomto kvízu.
Zaznamenané odpovědi
| # | Otázka | Odpověď | Body | Výsledky |
|---|---|---|---|---|
| 1. | Minulou středu byly uděleny ce... | 0 | ||
| 2. | Úřady a zdravotnické instituce... | 1 | ||
| 3. | Jak se jmenuje nové album skup... | 0 | ||
| 4. | Aktuální vydání gastronomickéh... | 0 | ||
| 5. | Vedení Kontinentální hokejové... | 0 | ||
| 6. | Zaměříme se na nová slova v če... | 0 | ||
| 7. | Jeden z našich nejdůraznějších... | 0.5 | ||
| 8. | Mezi několik málo slov, která... | 1 | ||
| 9. | Jak se nazývá termín, který by... | 0 | ||
| 10. | Tvorba neologismů není jen zál... | 1 |